Smoky Joe; (Record no. 17985)

MARC details
000 -LEADER
fixed length control field 00612cam a22002051 4500
001 - CONTROL NUMBER
control field ca 36000105
003 - CONTROL NUMBER IDENTIFIER
control field DLC
005 - DATE AND TIME OF LATEST TRANSACTION
control field 20260227111140.0
008 - FIXED-LENGTH DATA ELEMENTS--GENERAL INFORMATION
fixed length control field 890621s1936 maua 000 0 eng
010 ## - LIBRARY OF CONGRESS CONTROL NUMBER
LC control number ca 36000105
035 ## - SYSTEM CONTROL NUMBER
System control number (OCoLC)19902938
040 ## - CATALOGING SOURCE
Original cataloging agency DLC
Transcribing agency RPB
Modifying agency DLC
050 00 - LIBRARY OF CONGRESS CALL NUMBER
Classification number PS3515.A937
Item number S6 1936
082 ## - DEWEY DECIMAL CLASSIFICATION NUMBER
Classification number 812.5
100 1# - MAIN ENTRY--PERSONAL NAME
Personal name Hayes, Hubert,
Dates associated with a name 1901-1964.
245 10 - TITLE STATEMENT
Title Smoky Joe;
Remainder of title a comedy in three acts,
Statement of responsibility, etc. by Hubert Hayes.
260 ## - PUBLICATION, DISTRIBUTION, ETC.
Place of publication, distribution, etc. Boston, Mass.
-- Los Angeles.
Name of publisher, distributor, etc. [Walter H. Baker Company,
Date of publication, distribution, etc. c1936]
300 ## - PHYSICAL DESCRIPTION
Extent 2 p., l., [3]-133 p.
Other physical details diagr.
Dimensions 19 cm.
490 0# - SERIES STATEMENT
Series statement Bakers̕ royalty plays

No items available.

Powered by Koha